Water conservation and utilization in agriculture production (Record no. 35305)

MARC details
000 -LEADER
fixed length control field 00473nam a22001697a 4500
003 - CONTROL NUMBER IDENTIFIER
control field OSt
005 - DATE AND TIME OF LATEST TRANSACTION
control field 20220427111256.0
008 - FIXED-LENGTH DATA ELEMENTS--GENERAL INFORMATION
fixed length control field 220427b |||||||| |||| 00| 0 eng d
020 ## - INTERNATIONAL STANDARD BOOK NUMBER
International Standard Book Number 818930478X
040 ## - CATALOGING SOURCE
Transcribing agency HU
082 ## - DEWEY DECIMAL CLASSIFICATION NUMBER
Classification number 631.7 SAI 2010
100 ## - MAIN ENTRY--PERSONAL NAME
Personal name Saini, S. K.
9 (RLIN) 36695
245 ## - TITLE STATEMENT
Title Water conservation and utilization in agriculture production
260 ## - PUBLICATION, DISTRIBUTION, ETC.
Place of publication, distribution, etc. Lanham :
Name of publisher, distributor, etc. Satish Serial Publishing House,
Date of publication, distribution, etc. 2010
300 ## - PHYSICAL DESCRIPTION
Extent (359 pages)
Dimensions 25cm
942 ## - ADDED ENTRY ELEMENTS (KOHA)
Source of classification or shelving scheme Dewey Decimal Classification
Koha item type Books like text book referance book
Suppress in OPAC No
Holdings
Withdrawn status Lost status Source of classification or shelving scheme Damaged status Not for loan Collection code Home library Current library Shelving location Date acquired Total Checkouts Full call number Barcode Date last seen Copy number Price effective from Koha item type
    Dewey Decimal Classification     Reference Wondo Genet Library Wondo Genet Library General Stacks 04/27/2022   631.7 SAI 2010 WGCFNRL00019831 04/27/2022 1 04/27/2022 Books like text book referance book